Standardization as a Quality Assurance System in Nursing
Saved in:
| Main Author: | |
|---|---|
| Other Authors: | |
| Format: | Book Chapter |
| Language: | English |
| Subjects: | |
| Tags: |
No Tags, Be the first to tag this record!
|
MARC
| LEADER | 00000nla a2200000 4500 | ||
|---|---|---|---|
| 001 | 0240641 | ||
| 005 | 20240502073921.2 | ||
| 041 | 0 | |a eng | |
| 044 | |a SK | ||
| 245 | 1 | 0 | |a Standardization as a Quality Assurance System in Nursing |c Diana Vasilková, Lenka Danková |
| 500 | |a Abstrakt | ||
| 610 | 2 | 0 | |a štandardizácia |
| 610 | 2 | 0 | |a starostlivosť o zdravie |
| 610 | 2 | 0 | |a kvalita služieb |
| 610 | 2 | 0 | |a zariadenia zdravotnícke |
| 610 | 2 | 0 | |a ošetrovateľstvo |
| 100 | 1 | |a Vasilková, Diana | |
| 700 | 1 | |a Danková, Lenka, 1993- | |